ARRUPE JESUIT UNIVERSITY

CORONAVIRUS -STOP THE SPREAD - CLEAN,DISINFECT,COVER

Parochial and plain sermons (Record no. 125651)

MARC details
000 -LEADER
fixed length control field 00363nam a22001217a 4500
008 - FIXED-LENGTH DATA ELEMENTS--GENERAL INFORMATION
fixed length control field 161102b xxu||||| |||| 00| 0 eng d
050 ## - LIBRARY OF CONGRESS CALL NUMBER
Classification number BX1750.N43P3
100 ## - MAIN ENTRY--PERSONAL NAME
Personal name Newman, John Henry
9 (RLIN) 8612
245 ## - TITLE STATEMENT
Title Parochial and plain sermons
Statement of responsibility, etc /John Henry Newman
260 ## - PUBLICATION, DISTRIBUTION, ETC. (IMPRINT)
Place of publication, distribution, etc London
Name of publisher, distributor, etc Longmans, Green , and CO
Date of publication, distribution, etc 1898
300 ## - PHYSICAL DESCRIPTION
Extent xv,402p.;
Dimensions 18cm.
942 ## - ADDED ENTRY ELEMENTS (KOHA)
Source of classification or shelving scheme Library of Congress Classification
Item type Monograph ( Printed materials)
Holdings
Withdrawn status Lost status Source of classification or shelving scheme Damaged status Not for loan Collection code Home library Current library Shelving location Date acquired Total Checkouts Full call number Barcode Date last seen Copy number Price effective from Koha item type
    Library of Congress Classification     Main Collection ARRUPE LIBRARY ARRUPE LIBRARY Main Collection 02/11/2016   BX1750.N43P3 46500010035 22/11/2017 v.II 02/11/2016 Monograph ( Printed materials)
    Library of Congress Classification     Main Collection ARRUPE LIBRARY ARRUPE LIBRARY Main Collection 02/11/2016   BX1750.N43P3 46500010036 22/11/2017 v.IV 02/11/2016 Monograph ( Printed materials)
    Library of Congress Classification     Main Collection ARRUPE LIBRARY ARRUPE LIBRARY Main Collection 02/11/2016   BX1750.N43P3 46500010037 22/11/2017 v.VII 02/11/2016 Monograph ( Printed materials)

 

Arrupe Library. PO Box MP320 Mt Pleasant, Harare, Zimbabwe
263 242 745411|librarian@aju.ac.zw